000 00624nam a2200241Ia 4500
003 OSt
005 20221007072132.0
006 a|||||r|||| 00| 0
007 ta
008 221006b |||||||| |||| 00| 0 eng d
020 _a0273315617
024 _a14,477
037 _cTextual
040 _aFLL
_cFLL
_beng
041 _2eng
_aeng
082 _aX:8, L1
100 _aLyons Terry
245 0 _aPersonnel function in a changing environment
260 _aLondon
_bPitman Publishing London
_c1971
300 _axi,224p
_ccm.
942 _hX:8, L1
_cTEXL
_2CC
999 _c1145288
_d1145288